The legacy of Egypt.

محفوظ في:

مؤلفون آخرون: Glanville, S. R. K. 1900-1956 (المحرر)

التنسيق: كتاب

اللغة: English

منشور في: Oxford, Clarendon Press 1947.

سلاسل: The legacy series

الموضوعات:

الوسوم: إضافة وسم

لا توجد وسوم, كن أول من يضع وسما على هذه التسجيلة!

رقم الطلب: DT61 .G552

LEADER 00699cam a22002417 4500
001 ocm00413247
003 OCoLC
005 20240111090333.0
008 720922s1947 enk b 000 0 eng c
010 |a a 42004963  
043 |a f-ua--- 
050 4 |a DT61  |b .G552 
100 1 |a Glanville, S. R. K.  |q (Stephen Ranulph Kingdon),  |d 1900-1956,  |e editor. 
245 1 4 |a The legacy of Egypt. 
264 1 |a Oxford,  |b Clarendon Press  |c 1947. 
300 |a 424 pages 
336 |a text  |b txt  |2 rdacontent 
337 |a unmediated  |b n  |2 rdamedia 
338 |a volume  |b nc  |2 rdacarrier 
490 0 |a The legacy series 
504 |a Includes bibliographical references. 
651 0 |a Egypte  |x Civilisation. 
999 |c 55387  |d 55387